00695nam a2200193 a 450000100100000000500170001000800410002702000150006804000250008308200150010810000230012324500560014626000390020230000210024149000510026283000580031395201130037199900170048400004241520201002040136.0131128s1975 sp a 000 0 spa d a8432301655 aDO-SdBNPbspacBNPHU axxxxbxxxx1 aRuiz, David96954110aAsturias Contemporanea. :b1808-1936 /cDavid Ruiz. aMadrid, :bSiglo veintiuno,c1975. a109 p. ;c18 cm.1 aEstudios de historia contemporánea Siglo XXI 0aEstudios de historia contemporánea Siglo XXI969542 001050718MOaGRbGRcCTd2013-11-28iLF1l0oxxxx xxxxp42415-10r2020-06-25w2020-06-25y1ZNo se presta c41904d41904